Φιλική εταιρία
Αποθηκεύτηκε σε:
| Άλλοι συγγραφείς: | |
|---|---|
| Μορφή: | Βιβλίο |
| Γλώσσα: | Greek |
| Δημοσίευση: |
[Αθήνα] :
Δρακόπουλος,
[19--?]
|
| Σειρά: | Τέχνη, Επιστήμη, Φιλοσοφία, Ιστορία
|
| Θέματα: | |
| Ετικέτες: |
Προσθήκη ετικέτας
Δεν υπάρχουν, Καταχωρήστε ετικέτα πρώτοι!
|
MARC
| LEADER | 00000cam a2200000 i 4500 | ||
|---|---|---|---|
| 001 | 1/96789 | ||
| 008 | 081106s gr | ||| |||| ||gre|| | ||
| 035 | |l 10101472 | ||
| 040 | |a GR-MY-UA |b gre |e aacr | ||
| 041 | 0 | |a gre | |
| 082 | 0 | |a 938.487 |2 (22) | |
| 245 | 1 | 0 | |a Φιλική εταιρία / |c πρόλογος, συλλογή, επεξεργασία Τάσου Βουρνά |
| 260 | |a [Αθήνα] : |b Δρακόπουλος, |c [19--?] | ||
| 300 | |a 200 σ.; |c 20 εκ. | ||
| 490 | 1 | |a Τέχνη - επιστήμη - φιλοσοφία - ιστορία | |
| 505 | 0 | |a Μέρ.Α. Τα παράνομα ντοκουμέντα, Μέρ.Β. Απομνημονεύματα αγωνιστών | |
| 651 | 0 | |a Greece |x History |y War of Independence, 1821-1829. | |
| 700 | 1 | |a Βουρνάς, Τάσος, |d 1914-1990. |4 aui |4 edt | |
| 830 | 0 | |a Τέχνη, Επιστήμη, Φιλοσοφία, Ιστορία | |
| 852 | |a INST |b LESVOS |e 20081106 |h 938.487 ΦΙΛ |p 005100043410 |q 005100043410 |t BK |y 0 | ||
| 901 | |a BIBL1-2008-3 | ||
| 909 | |a Λ |b 156154 | ||
| 970 | |a ΚΑΡΑ |b ΓΙΑΣΕΜΗ |z 2008/11/06 | ||